000 00392nam a2200145Ia 4500
008 190423s9999 xx 000 0 und d
100 _aWarren, Roz
245 _aFour wheel dives/
245 _cRoz Warren
260 _bReader's Digest Asia
260 _c2019
300 _aPages 89-90, February 2019
440 _aAsia Reader's Digest: The Power of fake pills
_v115:672
650 _aCars
999 _c361506
_d361506